01956cam a22004214i 4500003000900000005001700009008004100026020001500067020001800082035002000100040003300120050002200153082001900175082002200194100003600216245005100252250002300303264006200326300005500388336002100443337002500464338002300489505088100512526000901393526000901402526000901411526000901420526000901429526000901438526000801447526000801455526000801463526000801471526000801479526000801487541001801495650002101513PE-LiUPU20250731184515.0170202s2013 ag r 000 0 spa d a9877011204 a9789877011203 a(Sirsi) a166711 aPE-LiUPUbspacPE-LiUPUerda aBX6146b.T33 201304a248.5bT1122004a286.7325bCC20141 aTabuenca, Pedro Daniel,eautor.10aSalvados para servir / Pedro Daniel Tabuenca. aPrimera edición. 1aFlorida :bAsociación Casa Editora Sudamericana,c2013. a216 páginas :bilustraciones ;c21 centímetros atext2rdacontent aunmediated2rdamedia avolume2rdacarrier0 aMis raíces -- Los descubrimientos de Pedro -- Hijos de misioneros viajeros -- Hora de desiciones -- Todavía ocurren milagros -- Colportaje, amor y bicicleta -- Estudiante universitario, pero muy pobre -- Estudiante de medicina, ¿y casado? -- Llamado a servir en el sanatorio Adventista de Plata -- Tristezas y alegrías en el aprendizaje -- Viaje de estudio a los Estados Unidos -- A la Clínica Belgrno y a Alemania, ida y vuelta -- Una escuela diferente -- Biblioterapia -- De colegio a universidad -- ¿Sí o no? -- Sorpresas y bendiciones -- Viviendo para servir -- Lo que aprendí y enseñe -- El origen del mal, el dolor, la enfermedad y la muerte -- La respuesta divina al problema del pecado -- El médico divino -- Estilo de vida y salud -- Educación sexual cristiana -- El peligro de las paramedicinas -- La gran restauración final de todas las cosas. aP136 aP135 aP134 aP133 aP144 aP143 aP87 aP35 aP20 aP14 aP10 aP06 g0800-0000074;04aAutobiografía.